I promessi sposi : storia milanese del secolo XVII /
Salvato in:
| Autore principale: | |
|---|---|
| Altri autori: | |
| Natura: | Libro |
| Lingua: | italiano |
| Pubblicazione: |
Milán, Italia :
Ulrico Hoepli,
1964, c1964
|
| Soggetti: | |
| Tags: |
Nessun Tag, puoi essere il primo ad aggiungerne!!
|
MARC
| LEADER | 00000nam^a2200000^a^4500 | ||
|---|---|---|---|
| 001 | 000359924 | ||
| 005 | 20250526000000.0 | ||
| 009 | 20260310115411.33 | ||
| 037 | |a Acervo ITESO - Biblioteca | ||
| 041 | |a ITA | ||
| 082 | |a 853. |b MAN | ||
| 100 | |a Manzoni, Alessandro |e (autor) | ||
| 240 | 1 | 5 | |a [Los novios: historia milanesa del siglo XVII] |
| 245 | 1 | 2 | |a I promessi sposi : |b storia milanese del secolo XVII / |c A. Manzoni ; ed., pref. y notas de F. Ghisalberti ; il. de Luigi Borgomainerio... [et al.]. |
| 264 | 4 | |a Milán, Italia : |b Ulrico Hoepli, |c 1964, c1964 | |
| 300 | |a XXV, 576 p. ; |c 19.0 cm. | ||
| 336 | |a texto |b txt |2 rdacontenido | ||
| 337 | |a sin mediación |b n |2 rdamedio | ||
| 338 | |a volumen |b nc |2 rdasoporte | ||
| 649 | |a XX | ||
| 650 | |a Novela Italiana | ||
| 650 | |a Novela Histórica - |z Italia | ||
| 650 | |a Romanticismo (Literatura) - |z Italia | ||
| 650 | |a Literatura Italiana - |y Siglo XIX | ||
| 650 | |a Literatura e Historia - |z Italia | ||
| 650 | |a Milán, Italia - |x Historia - |y Siglo XVII | ||
| 650 | |a Milán, Italia - |x Historia - |y Dominación Española, 1559-1713 | ||
| 650 | |a Italia - |x Historia - |y Siglo XVII | ||
| 650 | |a Italia - |x Historia - |y Dominación Española, 1559-1713 | ||
| 700 | |a Ghisalberti, Fausto |e (edición, prefacio y notas) | ||
| 910 | |a Fondo Ignacio Díaz Morales | ||
| 920 | |a Impresos - Libros | ||
| 930 | |a Libros Antiguos y Raros | ||
| 940 | |a Literatura | ||
| 940 | |a Arquitectos Jaliscienses | ||
| 905 | |a 108 | ||
| 901 | |a 0500253190 |b IT2 |c LRA |i D57903 |u 20250526 | ||
| 902 | |a https://opac.biblio.iteso.mx/vufind/Record/000359924 | ||